<?xml version="1.0" encoding="UTF-8"?>
<record
    xmlns:xsi="http://www.w3.org/2001/XMLSchema-instance"
    xsi:schemaLocation="http://www.loc.gov/MARC21/slim http://www.loc.gov/standards/marcxml/schema/MARC21slim.xsd"
    xmlns="http://www.loc.gov/MARC21/slim">

  <leader>00763nam a22002417i 4500</leader>
  <controlfield tag="005">20201209160652.0</controlfield>
  <controlfield tag="008">201209s2020    my ||||g |||| 00| 0 may d</controlfield>
  <datafield tag="020" ind1=" " ind2=" ">
    <subfield code="a">9789670911380</subfield>
    <subfield code="c">RM26.90</subfield>
    <subfield code="q">paperback</subfield>
  </datafield>
  <datafield tag="040" ind1=" " ind2=" ">
    <subfield code="a">PPAK</subfield>
    <subfield code="b">eng</subfield>
    <subfield code="c">PPAK</subfield>
    <subfield code="e">rda</subfield>
  </datafield>
  <datafield tag="082" ind1="0" ind2="4">
    <subfield code="2">23</subfield>
    <subfield code="a">297.14</subfield>
  </datafield>
  <datafield tag="090" ind1="0" ind2="0">
    <subfield code="a">297.14</subfield>
    <subfield code="b">SID</subfield>
    <subfield code="d">G</subfield>
  </datafield>
  <datafield tag="100" ind1="0" ind2=" ">
    <subfield code="a">Sidek Baba, </subfield>
    <subfield code="c">Dato', Prof., Dr., </subfield>
    <subfield code="d">1946-,</subfield>
    <subfield code="e">author.</subfield>
  </datafield>
  <datafield tag="245" ind1="1" ind2="0">
    <subfield code="a">Jalur FIKRAH / </subfield>
    <subfield code="c">SIDEK BABA</subfield>
  </datafield>
  <datafield tag="264" ind1=" " ind2="1">
    <subfield code="a">Klang, Selangor : </subfield>
    <subfield code="b">MZ Edu Publications,</subfield>
    <subfield code="c">2020</subfield>
  </datafield>
  <datafield tag="300" ind1=" " ind2=" ">
    <subfield code="a">viii, 159 pages ;</subfield>
    <subfield code="c">22 cm</subfield>
  </datafield>
  <datafield tag="336" ind1=" " ind2=" ">
    <subfield code="2">rdacontent</subfield>
    <subfield code="a">text</subfield>
  </datafield>
  <datafield tag="337" ind1=" " ind2=" ">
    <subfield code="2">rdamedia</subfield>
    <subfield code="a">unmediated</subfield>
  </datafield>
  <datafield tag="338" ind1=" " ind2=" ">
    <subfield code="2">rdacarrier</subfield>
    <subfield code="a">volume</subfield>
  </datafield>
  <datafield tag="650" ind1="1" ind2="0">
    <subfield code="a">Islamic law </subfield>
    <subfield code="x">Interpretation and construction</subfield>
  </datafield>
  <datafield tag="650" ind1="2" ind2="0">
    <subfield code="a">Islamic law </subfield>
  </datafield>
  <datafield tag="650" ind1="2" ind2="0">
    <subfield code="a">Islam</subfield>
    <subfield code="x">Customs and practices</subfield>
  </datafield>
  <datafield tag="942" ind1=" " ind2=" ">
    <subfield code="2">ddc</subfield>
    <subfield code="c">B</subfield>
  </datafield>
  <datafield tag="999" ind1=" " ind2=" ">
    <subfield code="c">180470</subfield>
    <subfield code="d">180470</subfield>
  </datafield>
  <datafield tag="952" ind1=" " ind2=" ">
    <subfield code="0">0</subfield>
    <subfield code="7">0</subfield>
    <subfield code="b">PPAK</subfield>
    <subfield code="c">G</subfield>
    <subfield code="d">2021-01-21</subfield>
    <subfield code="o">297.14 SID</subfield>
    <subfield code="p">A01668289</subfield>
    <subfield code="r">2021-01-21 00:00:00</subfield>
    <subfield code="y">B</subfield>
  </datafield>
  <datafield tag="952" ind1=" " ind2=" ">
    <subfield code="0">0</subfield>
    <subfield code="7">0</subfield>
    <subfield code="b">SP</subfield>
    <subfield code="c">G</subfield>
    <subfield code="d">2021-01-21</subfield>
    <subfield code="l">1</subfield>
    <subfield code="o">297.14 SID</subfield>
    <subfield code="p">A01668290</subfield>
    <subfield code="r">2024-05-13 14:55:24</subfield>
    <subfield code="s">2024-04-30</subfield>
    <subfield code="y">B</subfield>
  </datafield>
  <datafield tag="952" ind1=" " ind2=" ">
    <subfield code="0">0</subfield>
    <subfield code="7">0</subfield>
    <subfield code="b">KM</subfield>
    <subfield code="c">G</subfield>
    <subfield code="d">2021-01-21</subfield>
    <subfield code="o">297.14 SID</subfield>
    <subfield code="p">A01668291</subfield>
    <subfield code="r">2021-01-21 00:00:00</subfield>
    <subfield code="y">B</subfield>
  </datafield>
  <datafield tag="952" ind1=" " ind2=" ">
    <subfield code="0">0</subfield>
    <subfield code="7">0</subfield>
    <subfield code="b">BL</subfield>
    <subfield code="c">G</subfield>
    <subfield code="d">2021-01-21</subfield>
    <subfield code="l">1</subfield>
    <subfield code="o">297.14 SID</subfield>
    <subfield code="p">A01668292</subfield>
    <subfield code="r">2023-10-14 11:39:49</subfield>
    <subfield code="s">2023-09-23</subfield>
    <subfield code="y">B</subfield>
  </datafield>
  <datafield tag="952" ind1=" " ind2=" ">
    <subfield code="0">0</subfield>
    <subfield code="7">0</subfield>
    <subfield code="b">BB</subfield>
    <subfield code="c">G</subfield>
    <subfield code="d">2021-01-21</subfield>
    <subfield code="o">297.14 SID</subfield>
    <subfield code="p">A01668293</subfield>
    <subfield code="r">2021-01-21 00:00:00</subfield>
    <subfield code="y">B</subfield>
  </datafield>
  <datafield tag="952" ind1=" " ind2=" ">
    <subfield code="0">0</subfield>
    <subfield code="7">0</subfield>
    <subfield code="b">MR</subfield>
    <subfield code="c">G</subfield>
    <subfield code="d">2021-01-21</subfield>
    <subfield code="o">297.14 SID</subfield>
    <subfield code="p">A01668294</subfield>
    <subfield code="r">2021-01-21 00:00:00</subfield>
    <subfield code="y">B</subfield>
  </datafield>
  <datafield tag="952" ind1=" " ind2=" ">
    <subfield code="0">0</subfield>
    <subfield code="7">0</subfield>
    <subfield code="b">YN</subfield>
    <subfield code="c">G</subfield>
    <subfield code="d">2021-01-21</subfield>
    <subfield code="o">297.14 SID</subfield>
    <subfield code="p">A01668295</subfield>
    <subfield code="r">2021-01-21 00:00:00</subfield>
    <subfield code="y">B</subfield>
  </datafield>
  <datafield tag="952" ind1=" " ind2=" ">
    <subfield code="0">0</subfield>
    <subfield code="7">0</subfield>
    <subfield code="b">SK</subfield>
    <subfield code="c">G</subfield>
    <subfield code="d">2021-01-21</subfield>
    <subfield code="o">297.14 SID</subfield>
    <subfield code="p">A01668296</subfield>
    <subfield code="r">2021-01-21 00:00:00</subfield>
    <subfield code="y">B</subfield>
  </datafield>
  <datafield tag="952" ind1=" " ind2=" ">
    <subfield code="0">0</subfield>
    <subfield code="7">0</subfield>
    <subfield code="b">KN</subfield>
    <subfield code="c">G</subfield>
    <subfield code="d">2021-01-21</subfield>
    <subfield code="o">297.14 SID</subfield>
    <subfield code="p">A01668297</subfield>
    <subfield code="r">2021-01-21 00:00:00</subfield>
    <subfield code="y">B</subfield>
  </datafield>
  <datafield tag="952" ind1=" " ind2=" ">
    <subfield code="0">0</subfield>
    <subfield code="7">0</subfield>
    <subfield code="b">PG</subfield>
    <subfield code="c">G</subfield>
    <subfield code="d">2021-01-21</subfield>
    <subfield code="o">297.14 SID</subfield>
    <subfield code="p">A01668298</subfield>
    <subfield code="r">2021-01-21 00:00:00</subfield>
    <subfield code="y">B</subfield>
  </datafield>
  <datafield tag="952" ind1=" " ind2=" ">
    <subfield code="0">0</subfield>
    <subfield code="7">0</subfield>
    <subfield code="b">PD26</subfield>
    <subfield code="c">G</subfield>
    <subfield code="d">2021-01-21</subfield>
    <subfield code="o">297.14 SID</subfield>
    <subfield code="p">A01668299</subfield>
    <subfield code="r">2021-01-21 00:00:00</subfield>
    <subfield code="y">B</subfield>
  </datafield>
  <datafield tag="952" ind1=" " ind2=" ">
    <subfield code="0">0</subfield>
    <subfield code="7">0</subfield>
    <subfield code="b">PD3</subfield>
    <subfield code="c">G</subfield>
    <subfield code="d">2021-01-21</subfield>
    <subfield code="o">297.14 SID</subfield>
    <subfield code="p">A01668300</subfield>
    <subfield code="r">2021-01-21 00:00:00</subfield>
    <subfield code="y">B</subfield>
  </datafield>
</record>
